Normal view
MARC view
- Davie, Bruce S.
Entry Personal Name
001 - CONTROL NUMBER
- control field: 18009
003 - CONTROL NUMBER IDENTIFIER
- control field: NUST
005 - DATE AND TIME OF LATEST TRANSACTION
- control field: 20190718063626.0
008 - FIXED-LENGTH DATA ELEMENTS
- fixed length control field: 190718|| aca||aabn | a|a d
040 ## - CATALOGING SOURCE
- Original cataloging agency: NUST
- Transcribing agency: NUST
100 ## - HEADING--PERSONAL NAME
- Personal name: Davie, Bruce S.
670 ## - SOURCE DATA FOUND
- Source citation: Work cat.: (NUST)0: Peterson, Larry L. 18008, Computer networks :, 2012.
